| 000 | 00386nam a22001337a 4500 | ||
|---|---|---|---|
| 005 | 20260317103520.0 | ||
| 008 | 260317b |||||||| |||| 00| 0 eng d | ||
| 040 | _cFLL | ||
| 041 |
_2eng _aeng |
||
| 100 |
_aNandmehar, Santosh _91132251 |
||
| 245 |
_aGreen Credit Framework in India _bExploration of it's Efficacy and Barriers |
||
| 260 |
_aDU _bFaculty of Law _c2024 |
||
| 942 |
_2CC _cDIS |
||
| 999 |
_c1715594 _d1715594 |
||